000 00336nam a2200097Ia 4500
008 220120s9999||||xx |||||||||||||| ||und||
100 _aKavyashri D and others
_912558
245 0 _aSqlia detection and prevention tool using web service
260 _aCoorg Institute of Technology
_bPonnampet
_c2015
650 _aELECTRONICS AND COMMUNICATIONS
999 _c138156
_d138156